Grupos vulnerables y desfavorecidos: protección contra su explotación laboral
Uloženo v:
| Hlavní autoři: | , |
|---|---|
| Médium: | Kniha |
| Jazyk: | španělština |
| Vydáno: |
Madrid
Dykinson S. L
2011
|
| Vydání: | 1a. ed |
| Edice: | Colección CEIB de Estudios Iberoamericanos, 1
|
| Témata: | |
| Tagy: |
Přidat tag
Žádné tagy, Buďte první, kdo vytvoří štítek k tomuto záznamu!
|
MARC
| LEADER | 00000cam a2200000 a 4500 | ||
|---|---|---|---|
| 001 | UCD4770 | ||
| 003 | CL-VaPUC | ||
| 008 | 160722e20110000sp |||||||||||||||||spa|d | ||
| 020 | |a 9788499820255 | ||
| 082 | 0 | 4 | |a 305.3 |b CAN |2 21 |
| 100 | 0 | |a Cano Linares, María Angelines |e author |9 588498 | |
| 700 | 0 | |a Núñez, Pilar Trinidad |e author |9 588499 | |
| 245 | 1 | 0 | |a Grupos vulnerables y desfavorecidos: protección contra su explotación laboral |
| 250 | |a 1a. ed | ||
| 300 | |a 171 p | ||
| 942 | |c BK | ||
| 945 | |d 20160722 23:21:00 |a dcastane | ||
| 260 | |a Madrid |b Dykinson S. L |c 2011 | ||
| 650 | 7 | |a INEQUIDAD SOCIAL |2 CL-VaPUC |9 538221 | |
| 650 | 7 | |a IGUALDAD DE DERECHOS |2 CL-VaPUC |9 450533 | |
| 650 | 7 | |a IGUALDAD DE DERECHOS DE LA MUJER |2 CL-VaPUC |9 588500 | |
| 650 | 0 | |a Igualdad de oportunidades |9 331873 | |
| 650 | 7 | |a IGUALDAD LABORAL |2 CL-VaPUC |9 547661 | |
| 650 | 0 | |a Trabajo de la mujer |9 308425 | |
| 650 | 7 | |a TRABAJO DE NIÑOS |2 CL-VaPUC |9 588501 | |
| 583 | |a last modification |c 20160722 23:21:00 |k Rodrigo Vera | ||
| 490 | 0 | |a Colección CEIB de Estudios Iberoamericanos, 1 | |
| 999 | |c 365621 |d 365619 | ||
| 952 | |0 0 |1 0 |3 erb |4 0 |6 305_300000000000000_CAN_2011 |7 0 |8 A |9 479507 |a BIBDER |b BIBDER |i 5296846 |o 305.3 CAN 2011 |p 5296846 |r 2023-01-25 |w 2019-11-24 |y BK |z Catalogado en:20160722 |k DER | ||